000 00667nam a2200217Ia 4500
003 OSt
005 20220928140357.0
006 a|||||r|||| 00| 0
007 ta
008 220927b |||||||| |||| 00| 0 eng d
024 _a8072
037 _cTextual
040 _aSDCL
_cSDCL
_beng
041 _2eng
_aeng
082 _aX:75.235'N69t5, K6
100 _aNational Council of Applied Economic Research, (New Delhi)
245 0 _aIndustrial programmes for the fourth plan
_b Maharashtra
260 _c1966
942 _hX:75.235'N69t5, K6
_cTEXL
_2CC
999 _c811056
_d811056